El cazador (Record no. 127064)

MARC details
000 -LEADER
campo de control de longitud fija 00488nam a2200169 4500
001 - NÚMERO DE CONTROL
campo de control 127064
003 - IDENTIFICADOR DE NÚMERO DE CONTROL
campo de control ES-MaACL
005 - FECHA Y HORA DE LA ÚLTIMA TRANSACCIÓN
campo de control 20230906192933.0
007 - CAMPO FIJO DE DESCRIPCIÓN FÍSICA--INFORMACIÓN GENERAL
campo de control de longitud fija t|
008 - DATOS DE LONGITUD FIJA--INFORMACIÓN GENERAL
campo de control de longitud fija 070214s1921 sp r ||||1| spa d
100 1# - ENTRADA PRINCIPAL--NOMBRE DE PERSONA
Nombre de persona Reyes, Alfonso,
Fechas asociadas al nombre 1889-1959
9 (RLIN) 96554
245 13 - MENCIÓN DEL TÍTULO
Título El cazador
Resto del título : ensayos y divagaciones : (1911-1920) /
Mención de responsabilidad, etc. Alfonso Reyes.
260 ## - PUBLICACIÓN, DISTRIBUCIÓN, ETC.
Lugar de publicación, distribución, etc. Madrid :
Nombre del editor, distribuidor, etc. [s.n.],
Fecha de publicación, distribución, etc. 1921 (
Fabricante Artes Gráficas)
300 ## - DESCRIPCIÓN FÍSICA
Extensión 184 p. ;
Dimensiones 19 cm.
852 ## - LOCALIZACIÓN
Ubicación ES-MaACL
Número de control de estantería F-7460
Holdings
Estatus retirado Estado de pérdida Estado de daño No para préstamo Biblioteca de origen Biblioteca actual Ubicación en estantería Fecha de adquisición Fuente de adquisición Total de préstamos Signatura topográfica completa Código de barras Visto por última vez Precio de reemplazo Tipo de ítem Koha
        Biblioteca del Ateneo de Madrid Biblioteca del Ateneo de Madrid Depósito 2 17/01/2008     F-7460 1132342 23/02/2023 23/02/2023 Libro impreso